|
|
|
|
| LEADER |
02197nam a2200397 a 4500 |
| 001 |
28041 |
| 003 |
BD-DhAAL |
| 005 |
20140611120251.0 |
| 008 |
140611s2011 ilua 000 0 eng d |
| 010 |
|
|
|a 2010041701
|
| 020 |
|
|
|a 9780226710884 (alk. paper)
|
| 020 |
|
|
|a 0226710882 (alk. paper)
|
| 040 |
|
|
|a ICU/DLC
|c DLC
|d DLC
|d BD-DhAAL
|
| 042 |
|
|
|a pcc
|
| 050 |
0 |
0 |
|a PJ813
|b .R533 2011
|
| 082 |
0 |
0 |
|a 809/.9338297
|2 22
|
| 100 |
1 |
|
|a Ricci, Ronit.
|9 5001
|
| 245 |
1 |
0 |
|a Islam translated :
|b literature, conversion, and the Arabic cosmopolis of South and Southeast Asia /
|c Ronit Ricci.
|
| 260 |
|
|
|a Chicago ;
|a London :
|b University of Chicago Press,
|c 2011.
|
| 300 |
|
|
|a xvi, 313 p. :
|b ill. ;
|c 24 cm.
|
| 490 |
1 |
|
|a South Asia across the disciplines
|
| 504 |
|
|
|a Includes bibliographical references (p. [273]-298) and index.
|
| 505 |
0 |
|
|a Arabic cosmopolis? -- Translation -- On "translation" and its untranslatability -- The Book of Samud: a Javanese literary tradition -- The Ayira Macala: Tamil questions and marvels -- Seribu Masalah: the Malay Book of One Thousand Questions -- Conversion -- Cosmopolitan in translation: Arabic's distant travels -- Conversion to Islam and the Book of One Thousand Questions -- A Jew on Java, a model Malay rabbi, and a Tamil Torah scholar -- The Arabic cosmopolis of South and Southeast Asia.
|
| 541 |
|
|
|e 28041
|
| 630 |
0 |
0 |
|a Book of one thousand questions
|x Translations
|x History and criticism.
|9 5002
|
| 630 |
0 |
0 |
|a Kitab masail Abd Allah ibn Salam lil-Nabi.
|9 5003
|
| 630 |
0 |
0 |
|a Serat Samud.
|9 5004
|
| 630 |
0 |
0 |
|a Ayira macala.
|9 5005
|
| 630 |
0 |
0 |
|a Hikayat seribu masalah.
|9 5006
|
| 650 |
|
0 |
|a Islamic literature
|z Southeast Asia
|x Translations
|x History and criticism.
|9 5007
|
| 650 |
|
0 |
|a Southeast Asian literature
|x Islamic influences.
|9 5008
|
| 650 |
|
0 |
|a Muslim converts from Judaism
|x Early works to 1800
|x Translations
|x History and criticism.
|9 5009
|
| 830 |
|
0 |
|a South Asia across the disciplines.
|9 5010
|
| 942 |
|
|
|2 ddc
|c BK
|
| 999 |
|
|
|c 14423
|d 14423
|
| 952 |
|
|
|0 0
|1 0
|2 ddc
|4 0
|6 809_933829700000000_RIC
|7 0
|9 24427
|a BRACUL
|b BRACUL
|c GEN
|d 2014-06-11
|e Karim International
|g 5350.00
|l 3
|m 9
|o 809.9338297 RIC
|p 3010028041
|r 2020-02-04
|s 2020-01-28
|t 1
|w 2014-06-11
|y BK
|